Estatísticas para Os 15 principais países com mortes por Covid19; 28 de agosto

Clique aqui para jogar o quiz

Estatísticas Gerais

  • Esse quiz foi jogado 4 vezes
  • A pontuação média é 15 de 19

Estatísticas das Respostas

país% Correto
Brasil
100%
Colômbia
100%
Espanha
100%
Estados Unidos
100%
França
100%
Irão
100%
Itália
100%
México
100%
Reino Unido
100%
Rússia
100%
Bélgica
75%
Chile
75%
Índia
75%
Peru
75%
África do Sul
50%
Bolívia
50%
Panamá
50%
Suécia
25%
Equador
0%

Distribuição das Pontuações

Percentil de Números Respondidos

Porcentagem de Pessoas com Cada Pontuação

Sua Pontuação Histórica

Você não jogou esse quiz